Normale Ansicht MARC-Ansicht ISBD

Entstalinisierung : (Titelsatznr. 49171)

[ MARC ]
MARC-Details
000 -Satzkennung
Kontrollfeld mit fester Länge 00816nam a22002291c 4500
001 - Kontrollnummer
Kontrollfeld a987689123
008 - Feld mit fester Länge zur physischen Beschreibung - Allgemeine Angaben
Kontrollfeld mit fester Länge 180306s1977 gw |||| 000u ger d
020 ## - Internationale Standardbuchnummer
Internationale Standardbuchnummer 3518006096
Verknüpfung 3-518-00609-6
040 ## - Katalogisierungsquelle
Übertragungsstelle RU-10907106
003 - Kontrollnummer Identifier
Kontrollfeld RU-10907106
245 00 - Titel
Titel Entstalinisierung :
Zusatz zum Titel der XX. Parteitag der KPdSU und seine Folgen /
Verfasserangabe etc. Beitr. von Roy Medwedew, Anne Herbst-Oltmanns, Robert Havemann... Hrsg. von Reinhard Crusius udn Manfred Wilke
264 ## - Produktion, Veröffentlichung, Distribution, Herstellung und Urheberrechtsvermerk
Herstellungs-, Veröffentlichungs- Vertriebs-, Erzeugungsort Frankfurt am Main :
Produzent, Herausgeber, Distributor, Hersteller Suhrkamp,
Datum der Herstellung, der Veröffentlichung, des Vertriebs oder des Urheberschutzvermerks 1977
300 ## - Physische Beschreibung
Umfang 536 S.
490 #0 - Gesamttitelangabe
Gesamttitelangabe Edition Suhrkamp
Bandnummer/Folgebezeichnung 609
610 #0 - Nebeneintragung unter einem Schlagwort - Körperschaftsname
Körperschafts- oder Gebietskörperschaftsname als Eintragungselement Kommunistische Partei der Sowjetunion / Parteitag <1956>
650 #0 - Nebeneintragung unter einem Schlagwort - Sachschlagwort
Sachschlagwort oder geografischer Name als Eintragungselement Entstalinisierung
651 #0 - Nebeneintragung unter einem Schlagwort - Geografischer Name
Geografischer Name Sowjetunion
655 #0 - Indexierungsterm - Genre/Form
Genre/Form oder fokussierter Term Aufsatzsammlung
700 1# - Nebeneintragung - Personenname
Personenname Crusius, Reinhard
Funktionsbezeichnung HerausgeberIn
700 1# - Nebeneintragung - Personenname
Personenname Wilke, Wanfred
Funktionsbezeichnung HerausgeberIn
942 ## - Zusätzliche Felder (Koha)
Koha-Medientyp Monographien
Exemplare
Ausgeschieden Verloren Klassifikation oder Aufstellungssystematik Beschädigt Nicht entleihbar Heimatbibliothek Aufenthaltsbibliothek Aufstellungsort Erwerbungsdatum Inventarnummer Signatur Barcode Letzte Aktivität Preis gültig von Koha-Medientyp
    Andere/Generische Klassifikation     MWN Osteuropa MWN Osteuropa Magazin - 2 06/03/2018 18-00382 Ersatzß R 64 ej Cru E004015079088F64 23/04/2020 22/03/2021 Monographien